LEADER 00724naa a2200157 i 4500 001 000000330054 003 CaOOAMICUS 005 20180831173631.0 008 180831n it u000 u ita u 013 $a41785 040 $aSeMil$bita 245 12$aI recenti interventi normativi in materia di immigrazione. 650 4$aImmigrazione - Diritti umani.$0(OLS)http://semarc/subject/10747 650 4$aImmigrazione - Aspetti sociali - Italia.$0(OLS)http://semarc/subject/18321 773 0 $aCaritas Ambrosiana $tValore della differenza.$dMilano : Paoline, copyr. 1997.$kUomini, fatti, problemi$z88-315-1374-5$gp.67-82$w()127107 996 $6245$aI recenti interventi normativi in materia di immigrazione$9(OLS)http://semarc/title/418515 LEADER 00582nab a2200145 i 4500 001 000000315257 003 CaOOAMICUS 005 20180831173147.0 008 180831n xx uu u0 0und r 013 $a24344 040 $aSeMil$bita 100 1 $aRinaldi, Bonaventura,$c.$0(OLS)http://semarc/name/31363 245 10$aStudio bibliografico su il Mistero Pasquale (primato della Croce o della Resurrezione?) 773 0 $t[Gennaio-Dicembre].$g115-143$w()274278 996 $6245$aStudio bibliografico su il Mistero Pasquale (primato della Croce o della Resurrezione?)$9(OLS)http://semarc/title/389316